|
|
|
|
| LEADER |
00000cam a22000004a 4500 |
| 001 |
musev2_29397 |
| 003 |
MdBmJHUP |
| 005 |
20230905043119.0 |
| 006 |
m o d |
| 007 |
cr||||||||nn|n |
| 008 |
140407s2013 pau o 00 0 eng d |
| 020 |
|
|
|a 9780271063218
|
| 035 |
|
|
|a (OCoLC)875895362
|
| 040 |
|
|
|a MdBmJHUP
|c MdBmJHUP
|
| 100 |
1 |
|
|a Conlogue, William,
|e author.
|
| 245 |
1 |
0 |
|a Here and There :
|b Reading Pennsylvania's Working Landscapes /
|c Bill Conlogue.
|
| 264 |
|
1 |
|a University Park, Pennsylvania :
|b The Pennsylvania State University Press,
|c [2013]
|
| 264 |
|
3 |
|a Baltimore, Md. :
|b Project MUSE,
|c 2015
|
| 264 |
|
4 |
|c ©[2013]
|
| 300 |
|
|
|a 1 online resource (248 pages).
|
| 336 |
|
|
|a text
|b txt
|2 rdacontent
|
| 337 |
|
|
|a computer
|b c
|2 rdamedia
|
| 338 |
|
|
|a online resource
|b cr
|2 rdacarrier
|
| 505 |
0 |
|
|a Working watersheds -- Merwin and mining -- Fixing fence -- Barn razing -- Other places -- Rendering the mounds of home.
|
| 520 |
|
|
|a "A collection of essays exploring the social, economic, and environmental elements of the anthracite coal region of northeastern Pennsylvania"--Provided by publisher
|
| 588 |
|
|
|a Description based on print version record.
|
| 600 |
1 |
1 |
|a Conlogue, William.
|
| 600 |
1 |
0 |
|a Conlogue, William.
|
| 651 |
|
7 |
|a Pennsylvania.
|2 fast
|0 (OCoLC)fst01204598
|
| 651 |
|
6 |
|a Pennsylvanie
|x Conditions economiques.
|
| 651 |
|
6 |
|a Pennsylvanie
|x Conditions sociales.
|
| 651 |
|
0 |
|a Pennsylvania
|x Economic conditions
|x History.
|
| 651 |
|
0 |
|a Pennsylvania
|x Social conditions
|x History.
|
| 650 |
|
7 |
|a Social conditions.
|2 fast
|0 (OCoLC)fst01919811
|
| 650 |
|
7 |
|a Land use.
|2 fast
|0 (OCoLC)fst00991472
|
| 650 |
|
7 |
|a Economic history.
|2 fast
|0 (OCoLC)fst00901974
|
| 650 |
|
7 |
|a Coal mines and mining in literature.
|2 fast
|0 (OCoLC)fst00865467
|
| 650 |
|
7 |
|a NATURE
|x Environmental Conservation & Protection.
|2 bisacsh
|
| 650 |
|
7 |
|a HISTORY
|z United States
|x State & Local
|x New England (CT, MA, ME, NH, RI, VT)
|2 bisacsh
|
| 650 |
|
7 |
|a HISTORY
|z United States
|x State & Local
|x Middle Atlantic (DC, DE, MD, NJ, NY, PA)
|2 bisacsh
|
| 650 |
|
7 |
|a HISTORY
|z United States
|x State & Local
|x General.
|2 bisacsh
|
| 650 |
|
6 |
|a Utilisation du sol
|z Pennsylvanie
|x Histoire.
|
| 650 |
|
0 |
|a Coal mines and mining in literature.
|
| 650 |
|
0 |
|a Land use
|z Pennsylvania
|x History.
|
| 650 |
|
0 |
|a Anthracite coal mines and mining
|x Social aspects
|z Pennsylvania
|x History.
|
| 650 |
|
0 |
|a Anthracite coal mines and mining
|x Environmental aspects
|z Pennsylvania
|x History.
|
| 655 |
|
7 |
|a History.
|2 fast
|0 (OCoLC)fst01411628
|
| 655 |
|
7 |
|a Electronic books.
|2 local
|
| 710 |
2 |
|
|a Project Muse.
|e distributor
|
| 830 |
|
0 |
|a Book collections on Project MUSE.
|
| 856 |
4 |
0 |
|z Texto completo
|u https://projectmuse.uam.elogim.com/book/29397/
|
| 945 |
|
|
|a Project MUSE - Custom Collection
|
| 945 |
|
|
|a Project MUSE - 2013 Complete Supplement II
|
| 945 |
|
|
|a Project MUSE - 2013 History Supplement
|